Demographic yearbook 1977
Gespeichert in:
| Format: | Buch |
|---|---|
| Sprache: | Englisch |
| Veröffentlicht: |
New York
United Nations
1978
|
| Tags: |
Keine Tags, Fügen Sie das erste Tag hinzu!
|
MARC
| LEADER | 00000nam a2200000 4500 | ||
|---|---|---|---|
| 001 | c140639 | ||
| 005 | 20260122095128.5 | ||
| 041 | 0 | |a eng | |
| 044 | |a US | ||
| 245 | 1 | 0 | |a Demographic yearbook 1977 |
| 264 | 1 | |a New York |b United Nations |c 1978 | |
| 300 | |a 1024 s. | ||